Regional Profile: Central America

Guardat en:
Dades bibliogràfiques
Autor corporatiu: Canadian International Development Agency
Format: Text
Publicat: Hull, Quebec: CIDA
Etiquetes: Afegir etiqueta
Sense etiquetes, Sigues el primer a etiquetar aquest registre!

MARC

LEADER 00000 a a2200000 04500
001 24203
003
040
090 |a 171600  
110 |a Canadian International Development Agency  
245 |a Regional Profile: Central America  
260 |a Hull, Quebec:   |b CIDA  
300 |a 15 p.   |b **no definido**   |b map.  
999 |c 3492  |d 3492